000 nam a22 7a 4500
999 _c8791
_d8791
008 180119b ||||| |||| 00| 0 eng d
100 _aNCERT
_95123
245 _aBiology Class XII
260 _aNCERT
_bNew Delhi
_c2007